Bienvenido a nuestro catálago, Biblioteca Universidad Monteávila

Monseñor Escrivá de Balaguer, instrumento de Dios (Registro nro. 13339)

Detalles MARC
000 -CABECERA
campo de control de longitud fija 01064nam a2200277 i 4500
003 - IDENTIFICADOR DEL NÚMERO DE CONTROL
campo de control vecauma
005 - FECHA Y HORA DE LA ÚLTIMA TRANSACCIÓN
campo de control 20260410144811.0
007 - CAMPO FIJO DE DESCRIPCIÓN FÍSICA--INFORMACIÓN GENERAL
campo de control de longitud fija ta
008 - DATOS DE LONGITUD FIJA--INFORMACIÓN GENERAL
campo de control de longitud fija 260410s1976 ve |||||r|||| 00| 0 spa d
040 ## - FUENTE DE LA CATALOGACIÓN
Centro catalogador/agencia de origen vecauma
Lengua de catalogación spa
Centro/agencia transcriptor vecauma
Centro/agencia modificador vecauma
Normas de descripción rda
041 0# - CÓDIGO DE LENGUA
Código de lengua del recurso spa
099 ## - Cota
Sufijo de archivo FOLLETO 0397
100 0# - AUTOR PERSONAL
Nombre de persona Álvaro del Portillo,
Títulos y otros términos asociados al nombre Beato,
Fechas asociadas al nombre 1914-1994
Término indicativo de función/relación autor
9 (RLIN) 10755
245 10 - MENCIÓN DE TÍTULO
Título Monseñor Escrivá de Balaguer, instrumento de Dios
Mención de responsabilidad, etc. / Álvaro del Portillo.
264 #1 - PRODUCCIÓN, PUBLICACIÓN, DISTRIBUCIÓN, FABRICACIÓN Y COPYRIGHT
Producción, publicación, distribución, fabricación y copyright Caracas, Venezuela :
Nombre del de productor, editor, distribuidor, fabricante Cuadernos de Orientación Doctrinal,
Fecha de producción, publicación, distribución, fabricación o copyright [1976].
300 ## - DESCRIPCIÓN FÍSICA
Extensión 71 páginas.
336 ## - TIPO DE CONTENIDO
Término de tipo de contenido texto
Código de tipo de contenido txt
Fuente rdacontenido
337 ## - TIPO DE MEDIO
Nombre/término del tipo de medio no mediado
Código del tipo de medio n
Fuente rdamedio
338 ## - TIPO DE SOPORTE
Nombre/término del tipo de soporte volumen
Código del tipo de soporte nc
Fuente rdasoporte
490 0# - MENCIÓN DE SERIE
Mención de serie Cuadernos de orientación doctrinal
Designación de volumen o secuencia 36
505 0# - NOTA DE CONTENIDO CON FORMATO
Nota de contenido con formato El Padre, instrumento de Dios. -- La fundación del Opus Dei. -- La proyección de su figura en la Iglesia y en el mundo. -- El Padre y la Universidad.
600 00 - PUNTO DE ACCESO ADICIONAL DE MATERIA--NOMBRE DE PERSONA
9 (RLIN) 146
Nombre de persona Josemaría Escrivá de Balaguer,
Títulos y otros términos asociados al nombre Santo,
Fechas asociadas al nombre 1902-1975
610 20 - PUNTO DE ACCESO ADICIONAL DE MATERIA--NOMBRE DE ENTIDAD CORPORATIVA
9 (RLIN) 2874
Nombre de entidad corporativa o nombre de jurisdicción como elemento de entrada Opus Dei
942 #1 - ELEMENTOS DE ENTRADA AGREGADA (KOHA)
Fuente del sistema de clasificación o colocación Library of Congress Classification
Ocultar en OPAC No
Tipo de ítem Koha Folletos
Existencias
Estado de retiro Estado de pérdida Fuente del sistema de clasificación o colocación Estado dañado No para préstamo Código de colección Localización permanente Ubicación/localización actual Ubicación en estantería Fecha de adquisición Total de préstamos Cota Código de barras Fecha visto por última vez Precio válido a partir de Tipo de ítem Koha
    Library of Congress Classification     Folletos Biblioteca Universidad Monteávila Biblioteca Universidad Monteávila Archivo rodante 10/04/2026   FOLLETO 0397 2026-0477 10/04/2026 10/04/2026 Folletos

Copyright @ UMA Library
Universidad Monteávila Caracas, Venezuela

Edif. Sede principal Universidad Monteávila. Av. El Buen Pastor. Boleíta Norte. Caracas. 
Customized by Universidad Monteávila

Con tecnología Koha